| 000 | 00415nam a2200133Ia 4500 | ||
|---|---|---|---|
| 008 | 231129s1992||||xx |||||||||||||| ||spa|| | ||
| 020 | _a84-451-0529-9 (V.1). | ||
| 040 | _bspa | ||
| 082 | _a946.41 M183 | ||
| 245 | 0 | _aMadrid en la literatura | |
| 260 | _c1992 | ||
| 264 | _aComunidad de Madrid. Consejería de Educación y Cultura Secretaría General Técnica | ||
| 942 |
_2ddc _cBKS |
||
| 999 |
_c20223 _d20223 |
||